Statistics for Borough Quiz - Brooklyn

Click here to take the quiz!

General Stats

  • This quiz has been taken 51 times
  • The average score is 9 of 18

Answer Stats

HintAnswer% Correct
On which island is Brooklyn?Long Island
95%
Which borough lies to the north of Brooklyn?Queens
91%
Which neighbourhood is known for beaches and amusement parks?Coney Island
84%
Which river flows between Brooklyn and Manhattan?East River
80%
Which county is Brooklyn coextensive with?{Kings} County
80%
Which NBA team plays at Barclays Center?Brooklyn Nets
75%
Which neighborhood is often considered to be the center of "hipster" culture?Williamsburg
68%
Material from which the residential rowhouses of Brooklyn Heights are built{Brown}stone
59%
Brooklyn is the most ___ borough of New York CityPopulous
59%
Police series on an immature NYPD detectiveBrooklyn Nine-Nine
52%
What does DUMBO stand for?Down Under the Manhattan
Bridge Overpass
43%
A movie on racial tensions in Bedford–Stuyvesant; the protagonist delivers pizzaDo the Right Thing
32%
What is the bay in the east of Brooklyn called?Jamaica Bay
27%
Which body of water separates Brooklyn from Staten Island?the Narrows
23%
Which Dutch town is Brooklyn's namesake?Breukelen
16%
What is Brooklyn's triumphal arch called?{Soldiers'} and {Sailors'} Arch
11%
Which building is the highest of Brooklyn?City Point
9%
Brooklyn's motto is "Eendraght Maeckt Maght". What does this translate to?Unity makes strength
9%

Score Distribution

Percentile by Number Answered

Percent of People with Each Score

Your Score History

You have not taken this quiz